Sovremennaja technika proizvodstva : Sostajanije i tendencii /

Guardado en:
Detalles Bibliográficos
Autor principal: Opitz, Herwart (Autor)
Formato: Libro
Lenguaje:ruso
Publicado: Moskva : Mašinostrojenije, 1975
Materias:
Etiquetas: Agregar Etiqueta
Sin Etiquetas, Sea el primero en etiquetar este registro!

MARC

LEADER 00000nam a22000003a 4500
001 stu40163
005 20150617225722.7
008 930406s1975----xxr-----------------rus-d
040 |a STU  |b slo 
041 0 |a rus 
044 |a xxr 
080 |a 338.36 
100 1 |a Opitz, Herwart  |4 aut 
245 1 |a Sovremennaja technika proizvodstva :  |b Sostajanije i tendencii /  |c [aut.]Herwart Opitz; Z nem. kol 
260 |a Moskva :  |b Mašinostrojenije,  |c 1975 
300 |a 279 s 
650 7 |a výroba  |2 stusub 
996 |b 284M003465  |c M*4293-1  |l MMKN  |s A  |a 24  |w stu40163_0001